| 000 | 00566nam a2200181 a 4500 | ||
|---|---|---|---|
| 001 | 000025460 | ||
| 005 | 20200930023814.0 | ||
| 008 | 110216s1973 mx m r 000 0 spa d | ||
| 040 |
_aDO-SdBNP _bspa _cBNPHU |
||
| 082 |
_axxxxx _bB851e |
||
| 100 | 1 |
_aBridges, Julian C. _952078 |
|
| 245 | 1 | 0 |
_aExpansión evangélica en méxico / _cJulian C. Bridges. |
| 260 |
_aMéxico, D. F. : _bM. H., _c1973. |
||
| 300 |
_a87 p. : _bmapas. ; _c21 cm. |
||
| 500 | _aIncluye referencia bibliográfica p. [86-87]. | ||
| 500 | _aIncluye notas al pie de las páginas. | ||
| 049 | _aBNGR | ||
| 999 |
_c24952 _d24952 |
||